विषमता : एक पुनर्विवेचन (Record no. 29636)

MARC details
000 -LEADER
fixed length control field 00340nam a22001217a 4500
003 - CONTROL NUMBER IDENTIFIER
control field SGT
082 ## - DEWEY DECIMAL CLASSIFICATION NUMBER
Classification number 8171787274
Item number V99S
100 ## - MAIN ENTRY--PERSONAL NAME
Personal name सेन, अमर्त्य
245 ## - TITLE STATEMENT
Title विषमता : एक पुनर्विवेचन
260 ## - PUBLICATION, DISTRIBUTION, ETC. (IMPRINT)
Name of publisher, distributor, etc राजकमल प्रकाशन
Year of Publication 1999
300 ## - PAGE DESCRIPTION
No. of Pages 207
942 ## - ADDED ENTRY ELEMENTS (KOHA)
Source of classification or shelving scheme Dewey Decimal Classification
Koha item type Books

No items available.